00659nam a2200205Ia 4500003000900000008004100009040001300050040001300063041000800076100002300084245006900107250001200176260001600188260000900204300001000213490000600223942000700229999001700236952020000253IT-RoPAU120407s9999 xx 000 0 und d aIT-RoPAU cIT-RoPAU aita aBrunero Gherardini aLa seconda riforma. Uomini e scuole del protestantesimo moderno. aBrescia aMorcelliana c1954 c19 cm v2 cBK c17536d17536 00102ddc406208_15100000000000071aPAULUSbPAULUSd2012-04-11l0o208.1510r2012-04-11 00:00:00w2012-04-11yBKzInserito da: Anna In data: 12 settembre 2011 fondo: Via A.Severo 56 Progr:21716